000 00871nam a22002897a 4500
003 CHAP
005 20220329134326.0
008 971013s1975 r 00010 d
010 _a18767
011 _a19739
035 _a23824
040 _cCHAP
082 _a335.4
_bA58Y
100 0 0 _aAlthusser, Louis.
_94692
245 _aElementos de autocrítica
260 _aMéxico, D.F., :
_bFontamara,
_c1975
300 _a85 p
490 _aLaila/paperback
_v; 18
590 _aBATCH-UPD
_b10
_c20130110
_lUCH01
_h1840
590 _aCONVERSION
_b10
_c20130109
_lUCH01
_h1311
650 1 4 _aMarxismo.
_972728
830 0 _aLaila/paperback
_v; 18
_964485
901 _aBK
942 _cLIBRO
949 _a335.4 A58Y
_bBC
_cLIBRO
_d33724000335733
_eLIBRO
_fc.2
_h67208
_i23824
_si
_t850.00
949 _a335.4 A58Y
_bBC
_cLIBRO
_d33724000335741
_eLIBRO
_gI.c/e
_h67207
_i23824
_si
_t850.00
999 _c18767
_d18767